000 00426cam a22001337a 4500
008 180718b1968 xxu||||| |||| 00| 0 eng d
082 _aT212x5442 M278
100 _aCotton Textile Committee
245 _aReport of the Cotton Textile Committee, 1968
_cby Cotton Textile Committee, Maharashtra
260 _aBombay
_bThe author
_c1968
300 _a99p.
500 _aChairman: S.V. Kogekar
700 _aKogekar, S.V. (Chairman)
999 _c489680
_d489680